MARC details
| 000 -CABECERA |
| campo de control de longitud fija |
01924cam a2200433 i 4500 |
| 001 - NÚMERO DE CONTROL |
| campo de control |
991061731901406706 |
| 003 - IDENTIFICADOR DEL NÚMERO DE CONTROL |
| campo de control |
ES-BaIT |
| 005 - FECHA Y HORA DE LA ÚLTIMA TRANSACCIÓN |
| campo de control |
20260307073649.0 |
| 008 - DATOS DE LONGITUD FIJA--INFORMACIÓN GENERAL |
| campo de control de longitud fija |
260306q17481753sp 000 d spa c |
| 040 ## - FUENTE DE LA CATALOGACIÓN |
| Centro catalogador/agencia de origen |
ES-BaIT |
| Lengua de catalogación |
cat |
| Normas de descripción |
rda |
| Centro/agencia transcriptor |
ES-BaIT |
| 080 ## - NÚMERO DE LA CLASIFICACIÓN DECIMAL UNIVERSAL |
| Número de la Clasificación Decimal Universal |
860-2"17" |
| 100 1# - ENTRADA PRINCIPAL--NOMBRE DE PERSONA |
| Nombre de persona |
Zamora, Antonio de, |
| Fechas asociadas al nombre |
1660-1728 |
| Término indicativo de función/relación |
autor |
| 9 (RLIN) |
92591 |
| 245 10 - MENCIÓN DE TÍTULO |
| Título |
Entremes de las gurruminas |
| 246 33 - FORMA VARIANTE DE TÍTULO |
| Título propio/Titulo breve |
Gurruminas |
| 264 #1 - PRODUCCIÓN, PUBLICACIÓN, DISTRIBUCIÓN, FABRICACIÓN Y COPYRIGHT |
| Producción, publicación, distribución, fabricación y copyright |
En Sevilla : |
| Nombre del de productor, editor, distribuidor, fabricante |
en la Imprenta Real, Casa del Correo Viejo, |
| Fecha de producción, publicación, distribución, fabricación o copyright |
[entre 1748 i 1753] |
| 300 ## - DESCRIPCIÓN FÍSICA |
| Extensión |
16 pàgines ; |
| Dimensiones |
8º |
| 336 ## - TIPO DE CONTENIDO |
| Término de tipo de contenido |
text |
| Código de tipo de contenido |
txt |
| Fuente |
rdacontent |
| 337 ## - TIPO DE MEDIO |
| Nombre/término del tipo de medio |
sense mediació |
| Código del tipo de medio |
n |
| Fuente |
rdamedia |
| 338 ## - TIPO DE SOPORTE |
| Nombre/término del tipo de soporte |
volum |
| Código del tipo de soporte |
nc |
| Fuente |
rdacarrier |
| 510 4# - NOTA DE CITAS O REFERENCIAS BIBLIOGRÁFICAS |
| Nombre de la fuente |
Barrera y Leirado. Catálogo bibliográfico y biográfico del teatro antiguo español, |
| Localización dentro de la fuente |
pàgina 504 |
| 530 ## - NOTA DISPONIBLE DE FORMULARIO FÍSICO ADICIONAL |
| Nota de formato físico adicional disponible |
Reproducció digital disponible a Biblioescènic |
| 593 ## - Camps col·lecció exemplar |
| Signatura topogràfica i/o núm. de registre |
VIT-084/08. |
| Notes |
Relligat en volum factici. |
| Digitalització |
Exemplar digitalitzat per Crossland, 2022. |
| Nom de la col·lecció especial |
Artur Sedó |
| 593 00 - Camps col·lecció exemplar |
| Notes |
holand. granate. Procedència: Col·lecció Joaquín Montaner |
| 593 00 - Camps col·lecció exemplar |
| Notes |
holand. marrón (Entrem. VIII-Fdez. Guerra) |
| 655 #7 - TÉRMINO DE INDIZACIÓN--GÉNERO/FORMA |
| Datos o término principal de género/forma |
Entremesos castellans |
| Subdivisión cronológica |
S. XVIII |
| Fuente del término |
lemac |
| 9 (RLIN) |
168430 |
| 710 2# - ENTRADA AGREGADA--NOMBRE DE ENTIDAD CORPORATIVA |
| Nombre de entidad corporativa o nombre de jurisdicción como elemento de entrada |
Imprenta Real (Sevilla) |
| Término indicativo de función/relación |
impressor |
| 9 (RLIN) |
162702 |
| 730 0# - ENTRADA AGREGADA--TÍTULO UNIFORME |
| Título uniforme |
Col·lecció digital Biblioescènic del MAE |
| 9 (RLIN) |
69172 |
| 752 ## - ENTRADA AGREGADA--NOMBRE JERÁRQUICO DEL LUGAR |
| País o entidad superior |
España |
| Ciudad |
Sevilla |
| 856 41 - LOCALIZACIÓN Y ACCESO ELECTRÓNICOS |
| Nota pública |
Accés lliure (Biblioescènic) |
| Identificador Uniforme del Recurso |
<a href="https://books.cdmae.cat/visorpdf/?recurs=SV0084-08">https://books.cdmae.cat/visorpdf/?recurs=SV0084-08</a> |
| 856 41 - LOCALIZACIÓN Y ACCESO ELECTRÓNICOS |
| Nota pública |
Accés lliure (Biblioteca Digital Hispánica) |
| Identificador Uniforme del Recurso |
<a href="https://bnedigital.bne.es/bd/es/card?id=42cf2fcc-8628-487f-9880-a8bf005b4295&page=1">https://bnedigital.bne.es/bd/es/card?id=42cf2fcc-8628-487f-9880-a8bf005b4295&page=1</a> |
| 856 42 - LOCALIZACIÓN Y ACCESO ELECTRÓNICOS |
| Especificación de materiales |
Fitxa del catàleg manual |
| Identificador Uniforme del Recurso |
<a href="http://www.cdmae.cat/sedo/imgtitulos/033/P0000930.gif">http://www.cdmae.cat/sedo/imgtitulos/033/P0000930.gif</a> |
| 856 42 - LOCALIZACIÓN Y ACCESO ELECTRÓNICOS |
| Especificación de materiales |
Fitxa del catàleg manual |
| Identificador Uniforme del Recurso |
<a href="http://www.cdmae.cat/sedo/imgtitulos/033/P0000931.gif">http://www.cdmae.cat/sedo/imgtitulos/033/P0000931.gif</a> |
| 902 ## - ELEMENTOS DE DATOS B LOCAL, LDB (RLIN) |
| a |
Fons antic |
| 902 ## - ELEMENTOS DE DATOS B LOCAL, LDB (RLIN) |
| a |
Patrimoni |
| 908 ## - COLOCAR PARÁMETRO DE COMANDO (RLIN) |
| Colocar parámetro de comando |
CDMAE |
| 940 ## - EQUIVALENCIA O REFERENCIA-CRUZADA--TÍTULO UNIFORME [OBSOLETO] [solamente CAN/MARC] |
| Título uniforme |
<a href="CDMAE">CDMAE</a> |
| 942 ## - ELEMENTOS DE ENTRADA AGREGADA (KOHA) |
| Fuente del sistema de clasificación o colocación |
Clasificación decimal universal |
| Tipo de ítem Koha |
Digital |